000 00549nam a22001577a 4500
020 _a978-93-82776-36-9
082 _a894.812.3
_bKES/E
100 _aKESAVADEV, P
245 _aENIKKUM JEEVIKKANAM
250 _aFOURTH EDITION
260 _aTHRISSUR
_bH & C
_c2022
300 _a107
520 _aEnikkum Jeevikkanam, novel written by P Keshavadev, tells the story of a prostitute named Rajamma. This is the first novel in Malayalam which is set against the backdrop of the life of a sex worker.
650 _aMALAYALAM NOVEL
_zKERALA
942 _cBK
999 _c7903
_d7903